Operačný program Doprava

Automobilový sektor na Slovensku. Doprava a jej význam. Súčasná situácia na dopravnom trhu. Dopravná politika Slovenska a jej ciele do roku 2015. Operačný program Doprava 2007-2013 (OPD). Indikátory programu. Sedem prioritných osí v doprave. Ekologizácia dopravy. Globalizácia v doprave.

Salvato in:
Dettagli Bibliografici
Autore principale: Hrašková, Dagmar
Natura: Capitolo di libro
Lingua:slovacco
Soggetti:
Tags: Aggiungi Tag
Nessun Tag, puoi essere il primo ad aggiungerne!!

MARC

LEADER 00000naa a2200000 4500
001 0124621
005 20231120115128.1
041 0 |a slo 
044 |a SK 
245 1 0 |a Operačný program Doprava  |c Dagmar Hrašková 
520 |a Automobilový sektor na Slovensku. Doprava a jej význam. Súčasná situácia na dopravnom trhu. Dopravná politika Slovenska a jej ciele do roku 2015. Operačný program Doprava 2007-2013 (OPD). Indikátory programu. Sedem prioritných osí v doprave. Ekologizácia dopravy. Globalizácia v doprave. 
610 2 0 |a doprava 
610 2 0 |a politika dopravná 
610 2 0 |a programy 
610 2 0 |a ekologizácia 
610 2 0 |a globalizácia 
610 2 0 |a Slovensko 
100 1 |a Hrašková, Dagmar